LEADER 01157nam--2200361---450- 001 990003312990203316 005 20090916152646.0 010 $a978-1-84542-490-9 035 $a000331299 035 $aUSA01000331299 035 $a(ALEPH)000331299USA01 035 $a000331299 100 $a20090916d2009----km-y0itay50------ba 101 $aeng 102 $aGB$aUS 105 $a||||||||001yy 200 1 $aAgriculture and the WTO$etowards a new theory of international agricultural trade regulation$fFiona Smith 210 $aCheltenham$aNorthampton$cEdward Elgar$d2009 215 $aXII, 171 p.$d24 cm 225 2 $aElgar international economic law 410 0$12001$aElgar international economic law 606 0 $aProdotti agricoli$xCommercio internazionale$2BNCF 676 $a341.75471 700 1$aSMITH,$bFiona$0605852 801 0$aIT$bsalbc$gISBD 912 $a990003312990203316 951 $aXXIII.2.C. 36$b64748 G.$cXXIII.2.C.$d00228485 959 $aBK 969 $aGIU 979 $aCHIARA$b90$c20090916$lUSA01$h1525 979 $aCHIARA$b90$c20090916$lUSA01$h1526 996 $aAgriculture and the WTO$91121026 997 $aUNISA LEADER 01258cam0 22003013 450 001 E600200049212 005 20160209160839.0 100 $a20090519d1999 |||||ita|0103 ba 101 $aita 102 $aIT 200 1 $aOpuscola selecta$fFilippo Gallo$ga cura di ferdinando Bona$c; e Massimo Miglietta 210 $aPadova$cCEDAM$d1999 215 $aXII,596 p.$d24 cm 225 2 $aPubblicazioni della Università di Pavia [Facoltà di Giurisprudenza]$hstudi nelle scienze giuridiche e sociali$hnuova serie$v86 300 $a(ac) 410 1$1001LAEC00018622$12001 $a*Pubblicazioni della Università di Pavia [Facoltà di Giurisprudenza]. studi nelle scienze giuridiche e sociali. nuova serie$v86 700 1$aGallo$b, Filippo$3A600200054780$4070$0257367 702 1$aBona, Ferdinando$3A600200054776$4070 702 1$aMiglietta, Massimo$3A600200054864$4070 801 0$aIT$bUNISOB$c20160209$gRICA 850 $aUNISOB 852 $aUNISOB$jFondo|Casavola$m143853 912 $aE600200049212 940 $aM 102 Monografia moderna SBN 941 $aM 957 $aFondo|Casavola$b000111$gSi$d143853$hCasavola$rdono$1catenacci$2UNISOB$3UNISOB$420090519103121.0$520160209160839.0$6petrellap 996 $aOpuscola selecta$91599533 997 $aUNISOB